Secondo natura : la bisessualità nel mondo antico /

Guardat en:
Dades bibliogràfiques
Autor principal: Cantarella, Eva (Autor)
Format: Llibre
Idioma:italià
Publicat: Roma : Editori riuniti, 1992
Edició:2. ed
Col·lecció:I testi
Etiquetes: Afegir etiqueta
Sense etiquetes, Sigues el primer a etiquetar aquest registre!

MARC

LEADER 00000nam a2200000 i 4500
001 IT\ICCU\RAV\0197394
003 ItRI
005 20250720215942.0
008 920826s1992 it |||||| ||||| |||||c
015 |2 IT  |a 92-4718 
020 |a 8835935970 
040 |b ita  |c ct 
041 7 |a ita  |2 ISO-639-2 
082 |a 306.7  |2 11 
100 1 |a Cantarella, Eva  |0 IT\ICCU\CFIV\102722  |4 aut 
245 1 0 |a Secondo natura :  |b la bisessualità nel mondo antico /  |c Eva Cantarella. 
250 |a 2. ed 
260 |a Roma :  |b Editori riuniti,  |c 1992 
300 |a 301 p. ;  |c 22 cm. 
830 2 |a I testi  |0 IT\ICCU\RAV\0169118 
942 |2 ddc  |c BK 
952 |0 0  |1 0  |2 ddc  |4 0  |6 B_SSA03CANEVSEC11  |7 0  |9 8388  |a MI  |b MI  |d 2005-11-11  |i 4991  |l 0  |o B-SSA03-CANEV-SEC11  |p CDOM4991  |r 2025-07-17 21:50:26  |w 2025-07-17  |x DONO  |y BK 
981 1 |6 z01  |a i   |b xxxe  
982 1 |6 z01  |a n 
999 |c 6987  |d 6987